00814nam a2200193 a 450000100100000000500170001000800410002704000250006810000360009324500700012924600420019926000400024130000280028159000260030971000520033595201050038795201110049299900170060300004314320201002040654.0140220s20uu dr a 000 0 spa d aDO-SdBNPbspacBNPHU1 aPérez Barrera, Claudio97070010aGuía para el usuario :baccess 2000 /cClaudio Pérez Barrera.14aGuía para el usuario :baccess 2000 a[Santo Domingo] :bCENTU,c[199-?]. a100 p. :bil. ;c28 cm. aInventariado, 2018/BT2 aCentro de Tecnología Universal (CENTU)970701 0010718PDaPDbPDcHDd2014-02-20iLF1l0o p43143-10r2020-06-25w2020-06-25yLFPDZNo se presta 0010718PDaPDbPDcHDd2018-10-03iLF1l0o p43143-20r2020-06-25te. 2w2020-06-25yLFPDZNo se presta c42632d42632